Name all hard rock cafes around the world - Statistics

General Stats
  • This quiz has been taken 35 times
  • The average score is 60 of 145
Answer Stats
Country Answer % Correct
Argentina Buenos Aires
93%
Brazil Praia Grande (São Paulo)
85%
Canada Toronto
85%
Greece Athens
81%
Germany Berlin
81%
Denmark Copenhagen
81%
Ireland Dublin
81%
Belgium Brussels
78%
Hungary Budapest
78%
India New Delhi
78%
USA New York
78%
Italy Rome
78%
Japan Tokyo
78%
Austria Vienna
78%
Netherlands Amsterdam
74%
Spain Barcelona
74%
United Kingdom London
74%
United Kingdom London Piccadilly Circus
74%
Spain Madrid
74%
Italy Milan
74%
Czechia Prague
74%
Chile Santiago
74%
Germany Hamburg
70%
Bolivia La Paz
70%
Germany Munich
70%
Panama Panama City
70%
India Pune (Mumbai)
70%
South Africa Cape Town
67%
Malaysia Kuala Lumpur
67%
Portugal Lisbon
67%
United Kingdom Manchester
67%
Iceland Reykjavik
67%
USA San Francisco
67%
Sweden Stockholm
67%
Poland Warsaw
67%
Thailand Bangkok
63%
Germany Cologne
63%
Italy Florence
63%
South Africa Johannesburg
63%
Poland Kraków
63%
Nigeria Lagos
63%
Philippines Manila
63%
USA Miami
63%
Japan Osaka Universal
63%
Portugal Porto
63%
Singapore Singapore
63%
Italy Venice
63%
India Bengaluru
59%
India Kolkata
59%
Malta Malta (Valletta)
59%
Romania Bucharest
56%
Venezuela Caracas
56%
United Arab Emirates Dubai
56%
Nepal Kathmandu
56%
USA Orlando
56%
Dominican Republic Santo Domingo
56%
USA Washington DC
56%
Armenia Yerevan
56%
Sweden Gothenburg
52%
Maldives Malé (Maldives)
52%
Cambodia Phnom Penh
52%
Mongolia Ulaanbaatar
52%
India Chennai
48%
Japan Kyoto
48%
Spain Malaga
48%
Uruguay Montevideo
48%
USA Philadelphia
48%
USA Tampa
48%
Laos Vientiane
48%
United Kingdom Edinburgh
44%
Poland Gdańsk
44%
USA Las Vegas
44%
USA New Orleans
44%
Montenegro Podgorica
44%
Spain Valencia
44%
USA Atlanta
41%
Austria Innsbruck
41%
indonesia Bali
37%
Argentina Cordoba
37%
Croatia Dubrovnik
37%
Mexico Guadalajara
37%
India Hyderabad
37%
Paraguay Asuncion
33%
USA Baltimore
33%
Guam Guam
33%
Thailand Phuket
33%
Poland Wrocław
33%
USA Nashville
30%
Suriname Paramaribo
30%
China Shenzhen
30%
Cyprus Ayia Napa
26%
Canada Niagara Falls Canada
26%
USA Niagara Falls USA
26%
USA San Antonio
26%
Bolivia Santa Cruz
26%
Norway Tromsø
26%
Colombia Cartagena
22%
Thailand Chiang Mai
22%
Spain Gran Canaria
22%
Dominican Republic Punta Cana
22%
USA Sacramento
22%
Egypt Sharm el Sheikh
22%
Spain Tenerife
22%
Cambodia Angkor
19%
USA Hollywood, CA
19%
USA Hollywood, FL
19%
Brazil Porto Alegre
19%
China Tianjin
19%
USA Atlantic City
15%
USA Cincinnati
15%
Brazil Curitiba
15%
Guyana Guyana
15%
Spain Mallorca
15%
Japan Yokohama
15%
Philippines Clark
11%
Brazil Florianopolis
11%
USA Honolulu
11%
USA Myrtle Beach
11%
Malaysia Penang
11%
Puerto Rico Ponce
11%
Mexico Cabo San Lucas
7%
USA Foxwoods
7%
Malaysia Ipoh
7%
USA Key West
7%
Egypt Nabq
7%
Thailand Pattaya
7%
Argentina Ushuaia
7%
USA Biloxi
4%
USA Bristol
4%
Paraguay Ciudad del Este
4%
Malaysia Genting Highlands
4%
Argentina Iguazu
4%
Philippines Makati
4%
Malaysia Melaka
4%
USA Pigeon Forge
4%
Tunisia Port El Kantaoui
4%
South Africa Sun City
4%
USA Yankee Stadium
4%
Brazil Gramado
0%
China Jiuzhaigou
0%
USA Northern Indiana
0%
Argentina Puerto Madero
0%
Malaysia Puteri Harbour
0%
Brazil Ribeirão Preto
0%
USA Rockford
0%
No matching quizzes found
Score Distribution
Percent of People with Each Score
Percentile by Number Answered
Your Score History
You have not taken this quiz